00505 2200193 4500245006000000020002200060250001100082700000900093700002700102650002100129650001000150005001900160260004400179041001400223084001000237300002100247490003400268336000900302 aKisah Petualangan Harimau dan Hewan LainnyacLoishText a978-623-00-3016-1 aCet. 1 aLois aKautsar Nadhim Novaldi aCerita Bergambar aEbook a20241104075207 aJakartabPT elex media Komputindoc2021 aIndonesia a741.5 a38 hlm. :bpdf ; aSeri Antologi Fabel Nusantara atext